Instancia que Don Diego Bull y West, ingeniero y director gerente del ferrocarril del Buitron a la Ría de S. Juan del Puerto, dirige a los gobernadores civiles de Huelva y Badajoz : (Record no. 152842)

MARC details
000 -LEADER
campo de control de longitud fija 01151nam a2200205 i 4500
001 - NÚMERO DE CONTROL
campo de control 152842
003 - IDENTIFICADOR DE NÚMERO DE CONTROL
campo de control ES-MaACL
005 - FECHA Y HORA DE LA ÚLTIMA TRANSACCIÓN
campo de control 20230906204907.0
008 - DATOS DE LONGITUD FIJA--INFORMACIÓN GENERAL
campo de control de longitud fija 931025s1879 sp |||| | spa d
080 ## - NÚMERO DE LA CLASIFICACIÓN DECIMAL UNIVERSAL
Número de la Clasificación Decimal Universal 656.2(460)
100 1# - ENTRADA PRINCIPAL--NOMBRE DE PERSONA
Nombre de persona Bull y West, Diego.
9 (RLIN) 32506
245 10 - MENCIÓN DEL TÍTULO
Título Instancia que Don Diego Bull y West, ingeniero y director gerente del ferrocarril del Buitron a la Ría de S. Juan del Puerto, dirige a los gobernadores civiles de Huelva y Badajoz :
Resto del título exponiendo los fundamentos que existen para que dichas autoridades... emitan su dictamen, oponiéndose a la concesión del ferrocarril de Zafra a Huelva que pretende Don Guillermo Sundheim.
260 ## - PUBLICACIÓN, DISTRIBUCIÓN, ETC.
Lugar de publicación, distribución, etc. Huelva :
Nombre del editor, distribuidor, etc. [s.n.],
Fecha de publicación, distribución, etc. [1879] (
Fabricante Imp. de la Vda. de Galvez e Hijos)
300 ## - DESCRIPCIÓN FÍSICA
Extensión [12] p. ;
Dimensiones 27 cm.
530 ## - NOTA DISPONIBLE DE FORMULARIO FÍSICO ADICIONAL
Nota de formato físico adicional disponible Disponible en formato digital.
596 ## - NOTA AL PIE DE IMPRENTA
NOTA AL PIE DE IMPRENTA Texto fechado en Valverde del Camino, 9 de diciembre de 1879.
650 #4 - PUNTO DE ACCESO ADICIONAL DE MATERIA--TÉRMINO DE MATERIA
Término de materia o nombre geográfico como elemento de entrada Ferrocarriles-
Subdivisión geográfica España-
Subdivisión cronológica S. XIX.
9 (RLIN) 12762
852 4# - LOCALIZACIÓN
Ubicación ES-MaACL
Número de control de estantería T-327-F-10
Nota libre - Enc. hol., falto de la enc. original
-- - Enc. en un vol. facticio
856 4# - LOCALIZACIÓN Y ACCESO ELECTRÓNICOS
Identificador Uniforme de Recursos <a href="http://bdh-rd.bne.es/viewer.vm?id=0000114002&page=1 ">http://bdh-rd.bne.es/viewer.vm?id=0000114002&page=1 </a>
Nota pública Biblioteca Digital Hispánica
Holdings
Estatus retirado Estado de pérdida Estado de daño No para préstamo Colección Biblioteca de origen Biblioteca actual Ubicación en estantería Fecha de adquisición Total de préstamos Signatura topográfica completa Código de barras Visto por última vez Precio de reemplazo Tipo de ítem Koha
        Colección de folletos Biblioteca del Ateneo de Madrid Biblioteca del Ateneo de Madrid Depósito folletos 17/01/2008   T-327-F-10 1159632 23/02/2023 23/02/2023 Folleto